LEADER 01217nas 2200421-a 450 001 996207102803316 005 20240113213019.0 011 $a2327-1310 035 $a(DE-599)ZDB2457403-X 035 $a(OCoLC)261342780 035 $a(CKB)991042727942014 035 $a(CONSER)--2008234561 035 $a(EXLCZ)99991042727942014 100 $a20081009b19661977 --- a 101 0 $aeng 135 $aur||||||||||| 181 $ctxt$2rdacontent 182 $cc$2rdamedia 183 $acr$2rdacarrier 200 00$aBoston Museum bulletin 210 $aBoston $cMuseum of Fine Arts$d1966-1977 311 $a0006-7997 531 $aBOSTON MUSEUM BULL 606 $aArt$vPeriodicals 606 $aArt$zMassachusetts$zBoston$vPeriodicals 606 $aArt$2fast$3(OCoLC)fst00815177 607 $aMassachusetts$zBoston$2fast$1https://id.oclc.org/worldcat/entity/E39PBJmhQfc9wcVbcWVvFrycfq 608 $aPeriodicals.$2fast 608 $aPeriodicals.$2lcgft 615 0$aArt 615 0$aArt 615 7$aArt. 676 $a708.144/61 712 02$aMuseum of Fine Arts, Boston. 906 $aJOURNAL 912 $a996207102803316 996 $aBoston Museum bulletin$92570405 997 $aUNISA LEADER 04400nam 2200673 450 001 996208493803316 005 20211130075247.0 010 $a1-118-66908-8 010 $a3-642-45574-3 024 7 $a10.1007/978-3-642-45574-2 035 $a(CKB)3400000000103016 035 $a(SSID)ssj0000904865 035 $a(PQKBManifestationID)11539864 035 $a(PQKBTitleCode)TC0000904865 035 $a(PQKBWorkID)10924583 035 $a(PQKB)10671129 035 $a(DE-He213)978-3-642-45574-2 035 $a(MiAaPQ)EBC3088321 035 $a(MiAaPQ)EBC6572844 035 $a(Au-PeEL)EBL6572844 035 $a(NjHacI)993400000000103016 035 $a(BIP)014342231 035 $a(PPN)190130571 035 $a(OCoLC)811853710 035 $a(EXLCZ)993400000000103016 100 $a20211130d1984 uy 0 101 0 $aeng 135 $aurnn|008mamaa 181 $ctxt 182 $cc 183 $acr 200 00$aOsmoregulation in estuarine and marine animals $eproceedings of the invited lectures to a symposium organized within the 5th Conference of the European Society for Comparative Physiology and Biochemistry, Taormina, Sicily, Italy, September 5-8, 1983. /$fedited by A. Pequeux, R. Gilles, and L. Bolis 205 $a1st ed. 1984. 210 1$aBerlin :$cSpringer-Verlag,$d1984. 215 $a1 online resource (X, 222 p.) 225 1 $aLecture notes on coastal and estuarine studies ;$vVolume 9 300 $aBibliographic Level Mode of Issuance: Monograph 311 $a3-540-13353-4 320 $aIncludes bibliographical references and index. 327 $aI Physiological and Ultrastructural Aspects of ?Salt-Transporting Tissues? Studies -- Homeostatic Function of Integuments and Nephridia in Annelids -- Control of the Extracellular Fluid Osmolality in Crustaceans -- Osmotic and Ionic Regulation in Saline Water Mosquito Larvae -- Chloride Secretion by the Chloride Cells of the Isolated Opercular Epithelium of Marine Fish -- Control of the Blood Osmolarity in Fishes, With Reference to the Functional Anatomy of the Gut -- Transport Properties of Fish Urinary Bladders in Relation to Osmoregulation -- The Contrasting Roles of the Salt Glands, The Integument and Behavior in Osmoregulation of Marine Reptiles -- Regulation of NaCl and Water Absorption in Duck Intestine -- II Biophysical and Biochemical Aspects of ?Salt-Transporting Tissues? Studies -- Cellular Energy Metabolism and its Regulation in Gills of Fish and Crustacea -- Regulatory Functions of Na++K+-Atpase in Marine and Estuarine Animals -- Ultrastructural Localization of Na++K+-Atpase in Specialized Membranes of Salt Transporting Cells in Marine Vertebrates -- Models of Salt and Water Flow Across Epithelia: An Evaluation by Electron Probe X-Ray Microanalysis -- Taxonomic Index. 330 $aPublished by the American Geophysical Union as part of the Lecture Notes on Coastal and Estuarine Studies Series, Volume 9.A wealth of information on osmotic and ionic reaulation in Estuarine and Marine Animals has been accumulated over the past decades. Beyond early studies of whole-animal responses to changes in environmental salinities, efforts have been made later on to identify, to localize and to characterize the organs and structures responsible for the control of the characteristics of the cell's environmental fluid. When considering the problem of cell volume control in animals facing media of fluctuating salinities, we are indeed dealing with two different categories of mechanisms. A first one is concerned with the control of the osmolality of the intracellular fluid, hence with the processes directly implicated in the maintenance of cell volume and shape. They have been extensively described in several recent review papers. 410 0$aLecture notes on coastal and estuarine studies ;$vVolume 9. 606 $aMarine animals$vCongresses 606 $aEstuarine animals$vCongresses 606 $aOsmoregulation$vCongresses 615 0$aMarine animals 615 0$aEstuarine animals 615 0$aOsmoregulation 676 $a574.92 702 $aPequeux$b A. 702 $aGilles$b R. 702 $aBolis$b Liana 801 0$bMiAaPQ 801 1$bMiAaPQ 801 2$bMiAaPQ 906 $aBOOK 912 $a996208493803316 996 $aOsmoregulation in estuarine and marine animals$9898434 997 $aUNISA